[Event "DEM U10 2023"]
[Site "Willingen GER"]
[Date "2023.05.29"]
[Round "3"]
[White "Chua, Daniel James"]
[Black "Serwane, Ruben"]
[Result "1-0"]
[Termination "normal"]
[Board "10"]
[WhiteElo "1433"]
[BlackElo "1489"]
[WhiteClock "00:08:10"]
[BlackClock "00:48:55"]
[PlyCount "63"]
[WhiteFideId "34608354"]
[BlackFideId "34660232"]
[EventCountry "GER"]
[EventRounds "11"]
[EventType "swiss"]
[EventDate "2023.05.27"]

1. e4 {[%clk 01:15:59]} {[%emt 00:00:02]} e5 {[%clk 01:15:56]} {[%emt
00:00:04]} 2. Nf3 {[%clk 01:16:23]} {[%emt 00:00:05]} Nc6 {[%clk 01:16:21]}
{[%emt 00:00:05]} 3. d4 {[%clk 01:15:53]} {[%emt 00:01:00]} exd4 {[%clk
01:16:40]} {[%emt 00:00:11]} 4. Nxd4 {[%clk 01:16:19]} {[%emt 00:00:05]} Bc5
{[%clk 01:17:02]} {[%emt 00:00:07]} 5. Nb3 {[%clk 01:16:45]} {[%emt 00:00:04]}
Bb6 {[%clk 01:17:17]} {[%emt 00:00:15]} 6. Nc3 {[%clk 01:17:12]} {[%emt
00:00:04]} a5 {[%clk 01:17:35]} {[%emt 00:00:11]} 7. a4 {[%clk 01:17:09]}
{[%emt 00:00:33]} Nb4 {[%clk 01:17:28]} {[%emt 00:00:37]} 8. Bc4 {[%clk
01:17:01]} {[%emt 00:00:37]} Ne7 {[%clk 01:16:16]} {[%emt 00:01:43]} 9. O-O
{[%clk 01:16:28]} {[%emt 00:01:03]} O-O {[%clk 01:15:56]} {[%emt 00:00:50]} 10.
Bg5 {[%clk 01:15:43]} {[%emt 00:01:14]} Qe8 {[%clk 01:14:03]} {[%emt 00:02:24]}
11. Re1 {[%clk 01:07:07]} {[%emt 00:09:06]} c6 {[%clk 01:12:20]} {[%emt
00:02:13]} 12. e5 {[%clk 01:05:40]} {[%emt 00:01:57]} Ng6 {[%clk 01:11:21]}
{[%emt 00:01:29]} 13. Ne4 {[%clk 01:02:11]} {[%emt 00:03:59]} d5 {[%clk
01:07:13]} {[%emt 00:04:38]} 14. exd6 {[%clk 00:59:26]} {[%emt 00:03:15]} Qd7
{[%clk 01:07:08]} {[%emt 00:00:35]} 15. Bf6 {[%clk 00:39:13]} {[%emt 00:20:43]}
Qf5 {[%clk 01:05:53]} {[%emt 00:01:45]} 16. Nd4 {[%clk 00:26:02]} {[%emt
00:13:41]} Bxd4 {[%clk 01:00:57]} {[%emt 00:05:26]} 17. Bxd4 {[%clk 00:23:36]}
{[%emt 00:02:56]} Bd7 {[%clk 01:00:13]} {[%emt 00:01:14]} 18. Ra3 {[%clk
00:15:15]} {[%emt 00:08:51]} Ne5 {[%clk 00:59:47]} {[%emt 00:00:55]} 19. Rg3
{[%clk 00:13:27]} {[%emt 00:02:17]} Nd5 {[%clk 00:51:27]} {[%emt 00:08:51]} 20.
Rg5 {[%clk 00:10:49]} {[%emt 00:03:07]} Qxg5 {[%clk 00:50:37]} {[%emt
00:01:21]} 21. Nxg5 {[%clk 00:11:08]} {[%emt 00:00:11]} Nxc4 {[%clk 00:50:59]}
{[%emt 00:00:09]} 22. b3 {[%clk 00:08:30]} {[%emt 00:03:08]} Nxd6 {[%clk
00:50:43]} {[%emt 00:00:45]} 23. Bc5 {[%clk 00:08:26]} {[%emt 00:00:35]} Rfe8
{[%clk 00:48:55]} {[%emt 00:02:18]} 24. Bxd6 {[%clk 00:08:18]} {[%emt
00:00:38]} Nc3 {[%clk 00:49:06]} {[%emt 00:00:17]} 25. Qd2 {[%clk 00:06:40]}
{[%emt 00:02:11]} Rxe1+ {[%clk 00:49:22]} {[%emt 00:00:13]} 26. Qxe1 {[%clk
00:07:01]} {[%emt 00:00:09]} Nd5 {[%clk 00:49:40]} {[%emt 00:00:11]} 27. h3
{[%clk 00:06:59]} {[%emt 00:00:32]} Re8 {[%clk 00:49:53]} {[%emt 00:00:17]} 28.
Qxa5 {[%clk 00:07:19]} {[%emt 00:00:11]} Be6 {[%clk 00:49:20]} {[%emt
00:01:03]} 29. Nxe6 {[%clk 00:07:26]} {[%emt 00:00:22]} fxe6 {[%clk 00:49:38]}
{[%emt 00:00:13]} 30. Qa7 {[%clk 00:07:42]} {[%emt 00:00:14]} Rd8 {[%clk
00:49:31]} {[%emt 00:00:36]} 31. Qxb7 {[%clk 00:08:08]} {[%emt 00:00:05]} h6
{[%clk 00:48:55]} {[%emt 00:01:06]} 32. a5 {[%clk 00:08:10]} {[%emt 00:00:28]}
1-0

[Event "DEM U10 2023"]
[Site "Willingen GER"]
[Date "2023.05.29"]
[Round "3"]
[White "Shivkumar, Shreyas"]
[Black "Hoppe, Arthur"]
[Result "0-1"]
[Termination "normal"]
[Board "11"]
[WhiteElo "1394"]
[BlackElo "1430"]
[WhiteClock "00:21:17"]
[BlackClock "00:27:56"]
[PlyCount "58"]
[WhiteFideId "34638407"]
[BlackFideId "34618910"]
[EventCountry "GER"]
[EventRounds "11"]
[EventType "swiss"]
[EventDate "2023.05.27"]

1. e4 {[%clk 01:15:58]} {[%emt 00:27:11]} c5 {[%clk 01:15:57]} {[%emt
00:00:04]} 2. Nc3 {[%clk 01:16:19]} {[%emt 00:00:09]} a6 {[%clk 01:16:24]}
{[%emt 00:00:04]} 3. a4 {[%clk 01:16:35]} {[%emt 00:00:13]} d6 {[%clk
01:16:49]} {[%emt 00:00:05]} 4. f4 {[%clk 01:16:20]} {[%emt 00:00:45]} g6
{[%clk 01:16:35]} {[%emt 00:00:44]} 5. Nf3 {[%clk 01:16:41]} {[%emt 00:00:09]}
Bg7 {[%clk 01:17:01]} {[%emt 00:00:04]} 6. Bc4 {[%clk 01:17:00]} {[%emt
00:00:11]} Nc6 {[%clk 01:17:23]} {[%emt 00:00:08]} 7. d3 {[%clk 01:17:24]}
{[%emt 00:00:06]} Nf6 {[%clk 01:17:40]} {[%emt 00:00:08]} 8. O-O {[%clk
01:17:23]} {[%emt 00:00:35]} O-O {[%clk 01:18:05]} {[%emt 00:00:05]} 9. Qe1
{[%clk 01:17:35]} {[%emt 00:00:18]} Nd4 {[%clk 01:17:30]} {[%emt 00:01:05]} 10.
Qh4 {[%clk 01:16:01]} {[%emt 00:02:03]} e6 {[%clk 01:11:59]} {[%emt 00:06:03]}
11. f5 {[%clk 01:14:22]} {[%emt 00:02:08]} d5 {[%clk 01:07:40]} {[%emt
00:04:49]} 12. Bh6 {[%clk 01:12:18]} {[%emt 00:02:34]} Bxh6 {[%clk 01:05:05]}
{[%emt 00:03:05]} 13. Qxh6 {[%clk 01:12:37]} {[%emt 00:00:11]} Ng4 {[%clk
01:03:15]} {[%emt 00:02:20]} 14. Qh3 {[%clk 01:12:30]} {[%emt 00:00:37]} dxc4
{[%clk 00:58:21]} {[%emt 00:05:25]} 15. Qxg4 {[%clk 01:11:20]} {[%emt
00:01:39]} Nxc2 {[%clk 00:58:03]} {[%emt 00:00:48]} 16. Ng5 {[%clk 01:09:42]}
{[%emt 00:02:06]} h5 {[%clk 00:53:53]} {[%emt 00:04:43]} 17. Qh4 {[%clk
01:08:10]} {[%emt 00:02:01]} exf5 {[%clk 00:53:55]} {[%emt 00:00:28]} 18. exf5
{[%clk 01:08:05]} {[%emt 00:00:36]} Qd4+ {[%emt 00:16:44]} 19. Qxd4 {[%clk
01:01:07]} cxd4 {[%clk 00:44:57]} {[%emt 00:00:40]} 20. Rac1 {[%clk 00:41:53]}
{[%emt 00:19:43]} dxc3 {[%clk 00:44:49]} {[%emt 00:00:38]} 21. Rxc2 {[%clk
00:42:12]} {[%emt 00:00:12]} cxd3 {[%clk 00:44:59]} {[%emt 00:00:21]} 22. Rxc3
{[%clk 00:42:17]} {[%emt 00:00:25]} Bxf5 {[%clk 00:45:09]} {[%emt 00:00:19]}
23. Nf3 {[%clk 00:41:07]} {[%emt 00:01:40]} b5 {[%clk 00:45:00]} {[%emt
00:00:39]} 24. Ne5 {[%clk 00:39:50]} {[%emt 00:01:46]} Rad8 {[%clk 00:42:14]}
{[%emt 00:03:16]} 25. Nc6 {[%clk 00:39:10]} {[%emt 00:01:11]} Rd7 {[%clk
00:38:01]} {[%emt 00:04:44]} 26. Ne5 {[%clk 00:37:35]} {[%emt 00:02:04]} Rd5
{[%clk 00:37:06]} {[%emt 00:01:25]} 27. Nc6 {[%clk 00:37:11]} {[%emt 00:00:54]}
Re8 {[%clk 00:37:19]} {[%emt 00:00:17]} 28. Nb4 {[%clk 00:30:13]} {[%emt
00:07:27]} Rd4 {[%clk 00:37:09]} {[%emt 00:00:40]} 29. Nc6 {[%clk 00:21:17]}
{[%emt 00:09:27]} d2 {[%clk 00:27:56]} {[%emt 00:09:44]} 0-1

[Event "DEM U10 2023"]
[Site "Willingen GER"]
[Date "2023.05.29"]
[Round "3"]
[White "Sutharjan, Dakxwin"]
[Black "Burban, Bogdan"]
[Result "0-1"]
[Termination "normal"]
[Board "12"]
[WhiteElo "1438"]
[BlackElo "1300"]
[WhiteClock "00:11:32"]
[BlackClock "00:38:37"]
[PlyCount "70"]
[WhiteFideId "34606548"]
[BlackFideId "34609040"]
[EventCountry "GER"]
[EventRounds "11"]
[EventType "swiss"]
[EventDate "2023.05.27"]

1. e4 {[%clk 01:15:57]} e6 {[%clk 01:15:45]} {[%emt 00:00:16]} 2. d4 {[%clk
01:16:18]} {[%emt 00:00:08]} d5 {[%clk 01:16:05]} {[%emt 00:00:10]} 3. Nd2
{[%clk 01:16:41]} {[%emt 00:00:07]} c5 {[%clk 01:16:20]} {[%emt 00:00:16]} 4.
exd5 {[%clk 01:17:01]} {[%emt 00:00:09]} Qxd5 {[%clk 01:16:39]} {[%emt
00:00:12]} 5. Ngf3 {[%clk 01:17:19]} {[%emt 00:00:12]} cxd4 {[%clk 01:16:47]}
{[%emt 00:00:22]} 6. Bc4 {[%clk 01:17:01]} {[%emt 00:00:46]} Qd6 {[%clk
01:17:05]} {[%emt 00:00:13]} 7. O-O {[%clk 01:17:15]} {[%emt 00:00:16]} Nf6
{[%clk 01:17:05]} {[%emt 00:00:31]} 8. Nb3 {[%clk 01:17:30]} {[%emt 00:00:14]}
Nc6 {[%clk 01:17:14]} {[%emt 00:00:22]} 9. Nbxd4 {[%clk 01:17:46]} {[%emt
00:00:14]} Nxd4 {[%clk 01:17:26]} {[%emt 00:00:17]} 10. Nxd4 {[%clk 01:18:01]}
{[%emt 00:00:14]} a6 {[%clk 01:17:32]} {[%emt 00:00:26]} 11. Re1 {[%clk
01:16:32]} {[%emt 00:01:59]} Qc7 {[%clk 01:17:46]} {[%emt 00:00:16]} 12. Qe2
{[%clk 01:15:46]} {[%emt 00:01:13]} Bd6 {[%clk 01:17:17]} {[%emt 00:01:01]} 13.
h3 {[%clk 01:12:59]} {[%emt 00:03:16]} O-O {[%clk 01:16:32]} {[%emt 00:01:17]}
14. Bg5 {[%clk 01:12:05]} {[%emt 00:01:23]} Bh2+ {[%clk 01:16:11]} {[%emt
00:00:51]} 15. Kh1 {[%clk 01:11:50]} {[%emt 00:00:33]} Bf4 {[%clk 01:16:18]}
{[%emt 00:00:35]} 16. Bxf6 {[%clk 01:11:30]} {[%emt 00:00:50]} gxf6 {[%clk
01:16:34]} {[%emt 00:00:15]} 17. Bd3 {[%clk 01:06:28]} {[%emt 00:05:31]} Kh8
{[%clk 01:14:24]} {[%emt 00:02:40]} 18. Qf3 {[%clk 01:03:19]} {[%emt 00:03:38]}
Rg8 {[%clk 01:09:55]} {[%emt 00:05:01]} 19. Re4 {[%clk 00:57:50]} {[%emt
00:05:58]} Be5 {[%clk 01:03:45]} {[%emt 00:06:40]} 20. Qh5 {[%clk 00:56:19]}
{[%emt 00:02:02]} f5 {[%clk 01:01:05]} {[%emt 00:03:10]} 21. Rh4 {[%clk
00:54:24]} {[%emt 00:02:22]} Rg7 {[%clk 00:59:57]} {[%emt 00:01:40]} 22. Qh6
{[%clk 00:47:08]} {[%emt 00:07:27]} b5 {[%clk 00:55:38]} {[%emt 00:05:09]} 23.
Rb1 {[%clk 00:40:25]} {[%emt 00:07:13]} Bb7 {[%clk 00:53:08]} {[%emt 00:03:00]}
24. Nf3 {[%clk 00:39:06]} {[%emt 00:01:49]} Rag8 {[%clk 00:51:34]} {[%emt
00:02:03]} 25. b3 {[%clk 00:32:26]} {[%emt 00:07:11]} Bxf3 {[%clk 00:48:43]}
{[%emt 00:03:21]} 26. gxf3 {[%clk 00:32:01]} {[%emt 00:00:55]} Qc6 {[%clk
00:47:45]} {[%emt 00:01:27]} 27. Qe3 {[%clk 00:26:40]} {[%emt 00:05:26]} Bc7
{[%clk 00:45:33]} {[%emt 00:03:07]} 28. c4 {[%clk 00:21:53]} {[%emt 00:05:17]}
Rg2 {[%clk 00:42:02]} {[%emt 00:04:00]} 29. Rf4 {[%clk 00:21:13]} {[%emt
00:01:09]} Qd6 {[%clk 00:40:18]} {[%emt 00:02:17]} 30. Bxf5 {[%clk 00:12:39]}
{[%emt 00:09:36]} Qxf4 {[%clk 00:39:35]} {[%emt 00:01:41]} 31. Qxf4 {[%clk
00:12:18]} {[%emt 00:00:51]} Bxf4 {[%clk 00:39:52]} {[%emt 00:00:12]} 32. Bg4
{[%clk 00:12:42]} {[%emt 00:00:05]} Rxf2 {[%clk 00:39:14]} {[%emt 00:01:09]}
33. cxb5 {[%clk 00:11:45]} {[%emt 00:01:28]} axb5 {[%clk 00:39:16]} {[%emt
00:00:27]} 34. a4 {[%clk 00:11:55]} {[%emt 00:00:20]} h5 {[%clk 00:38:33]}
{[%emt 00:01:13]} 35. axb5 {[%clk 00:11:32]} {[%emt 00:00:53]} hxg4 {[%clk
00:38:37]} {[%emt 00:00:26]} 0-1

[Event "DEM U10 2023"]
[Site "Willingen GER"]
[Date "2023.05.29"]
[Round "3"]
[White "Naumann, Lennart"]
[Black "Moskalenko, Michael"]
[Result "0-1"]
[Termination "normal"]
[Board "13"]
[WhiteElo "1537"]
[BlackElo "1243"]
[WhiteClock "00:40:12"]
[BlackClock "00:03:24"]
[PlyCount "86"]
[WhiteFideId "34644830"]
[BlackFideId "34608877"]
[EventCountry "GER"]
[EventRounds "11"]
[EventType "swiss"]
[EventDate "2023.05.27"]

1. e4 {[%clk 01:15:57]} {[%emt 00:00:01]} d5 {[%clk 01:15:55]} {[%emt
00:00:05]} 2. exd5 {[%clk 01:16:20]} {[%emt 00:00:07]} Qxd5 {[%clk 01:16:21]}
{[%emt 00:00:06]} 3. Nc3 {[%clk 01:16:34]} {[%emt 00:00:15]} Qa5 {[%clk
01:16:43]} {[%emt 00:00:09]} 4. Nf3 {[%clk 01:15:51]} {[%emt 00:01:12]} Nf6
{[%clk 01:16:40]} {[%emt 00:00:33]} 5. Bc4 {[%clk 01:14:46]} {[%emt 00:01:35]}
c6 {[%clk 01:16:27]} {[%emt 00:00:43]} 6. b4 {[%clk 01:14:00]} {[%emt
00:01:16]} Qxb4 {[%clk 01:14:17]} {[%emt 00:02:40]} 7. Bb3 {[%clk 01:14:15]}
{[%emt 00:00:14]} Bg4 {[%clk 01:10:27]} {[%emt 00:04:20]} 8. Rb1 {[%clk
01:13:59]} {[%emt 00:00:46]} Qa5 {[%clk 01:08:33]} {[%emt 00:02:24]} 9. O-O
{[%clk 01:13:56]} {[%emt 00:00:32]} e6 {[%clk 01:06:24]} {[%emt 00:02:39]} 10.
Re1 {[%clk 01:13:17]} {[%emt 00:01:09]} Be7 {[%clk 01:06:05]} {[%emt 00:00:49]}
11. Ne4 {[%clk 01:12:51]} {[%emt 00:00:55]} Nbd7 {[%clk 01:02:49]} {[%emt
00:03:47]} 12. Bb2 {[%clk 01:11:38]} {[%emt 00:01:43]} O-O {[%clk 01:01:42]}
{[%emt 00:01:37]} 13. Bc3 {[%clk 01:10:53]} {[%emt 00:01:15]} Qc7 {[%clk
01:00:46]} {[%emt 00:01:26]} 14. d3 {[%clk 01:10:13]} {[%emt 00:01:10]} Rad8
{[%clk 00:57:56]} {[%emt 00:03:19]} 15. Qd2 {[%clk 01:09:29]} {[%emt 00:01:14]}
Nxe4 {[%clk 00:57:25]} {[%emt 00:01:01]} 16. Rxe4 {[%clk 01:08:07]} {[%emt
00:01:51]} Bxf3 {[%clk 00:54:06]} {[%emt 00:03:50]} 17. gxf3 {[%clk 01:07:54]}
{[%emt 00:00:43]} Nf6 {[%clk 00:50:54]} {[%emt 00:03:42]} 18. Qg5 {[%clk
01:01:12]} {[%emt 00:07:12]} h6 {[%clk 00:49:57]} {[%emt 00:01:27]} 19. Qg2
{[%clk 01:01:25]} {[%emt 00:00:18]} Kh7 {[%clk 00:41:52]} {[%emt 00:08:35]} 20.
Rh4 {[%clk 00:59:01]} {[%emt 00:02:54]} Rg8 {[%clk 00:38:13]} {[%emt 00:04:09]}
21. f4 {[%clk 00:54:55]} {[%emt 00:04:36]} Nd5 {[%clk 00:37:26]} {[%emt
00:01:17]} 22. Bxd5 {[%clk 00:54:26]} {[%emt 00:00:57]} Bxh4 {[%clk 00:37:03]}
{[%emt 00:00:54]} 23. Be4+ {[%clk 00:54:17]} {[%emt 00:00:39]} f5 {[%clk
00:36:53]} {[%emt 00:00:40]} 24. Bf3 {[%clk 00:54:20]} {[%emt 00:00:27]} Bf6
{[%clk 00:34:44]} {[%emt 00:02:39]} 25. Bd2 {[%clk 00:53:47]} {[%emt 00:01:02]}
Qf7 {[%clk 00:31:07]} {[%emt 00:04:07]} 26. Kh1 {[%clk 00:53:19]} {[%emt
00:00:59]} Rc8 {[%clk 00:25:01]} {[%emt 00:06:36]} 27. c3 {[%clk 00:52:42]}
{[%emt 00:01:08]} Rgd8 {[%clk 00:23:47]} {[%emt 00:01:43]} 28. d4 {[%clk
00:52:42]} {[%emt 00:00:30]} Qd7 {[%clk 00:22:37]} {[%emt 00:01:39]} 29. Rg1
{[%clk 00:52:26]} {[%emt 00:00:47]} Qe8 {[%clk 00:22:03]} {[%emt 00:01:04]} 30.
Qh3 {[%clk 00:50:06]} {[%emt 00:02:50]} g6 {[%clk 00:18:33]} {[%emt 00:03:59]}
31. Qg2 {[%clk 00:49:05]} {[%emt 00:01:32]} b6 {[%clk 00:17:15]} {[%emt
00:01:48]} 32. Be2 {[%clk 00:48:29]} {[%emt 00:01:03]} c5 {[%clk 00:16:03]}
{[%emt 00:01:44]} 33. Bb5 {[%clk 00:47:26]} {[%emt 00:01:33]} Qf7 {[%clk
00:14:55]} {[%emt 00:01:39]} 34. Bc4 {[%clk 00:47:22]} {[%emt 00:00:33]} Rd6
{[%clk 00:13:38]} {[%emt 00:01:48]} 35. dxc5 {[%clk 00:44:35]} {[%emt
00:03:16]} Rxc5 {[%clk 00:10:08]} {[%emt 00:04:00]} 36. Bb3 {[%clk 00:44:56]}
{[%emt 00:00:09]} Rxd2 {[%clk 00:08:17]} {[%emt 00:02:23]} 37. Bxe6 {[%clk
00:43:52]} {[%emt 00:01:33]} Qg7 {[%clk 00:07:58]} {[%emt 00:00:49]} 38. Qa8
{[%clk 00:42:17]} {[%emt 00:02:02]} Rd8 {[%clk 00:05:36]} {[%emt 00:02:55]} 39.
Qg2 {[%clk 00:41:19]} {[%emt 00:01:28]} Rd6 {[%clk 00:05:14]} {[%emt 00:00:52]}
40. Bb3 {[%clk 00:41:19]} {[%emt 00:00:30]} Rxc3 {[%clk 00:04:30]} {[%emt
00:01:14]} 41. Bd1 {[%clk 00:40:53]} {[%emt 00:00:55]} Rc1 {[%clk 00:03:45]}
{[%emt 00:01:15]} 42. Qf3 {[%clk 00:40:13]} {[%emt 00:01:10]} Qd7 {[%clk
00:03:29]} {[%emt 00:00:46]} 43. Qg2 {[%clk 00:40:12]} {[%emt 00:00:30]} Bg7
{[%clk 00:03:24]} {[%emt 00:00:36]} 0-1

[Event "DEM U10 2023"]
[Site "Willingen GER"]
[Date "2023.05.29"]
[Round "3"]
[White "Wüstenberg, Benjamin"]
[Black "Pflugbeil, Julian"]
[Result "0-1"]
[Termination "normal"]
[Board "14"]
[WhiteElo "1343"]
[BlackElo "1242"]
[WhiteClock "00:45:49"]
[BlackClock "01:05:48"]
[PlyCount "66"]
[WhiteFideId "34660259"]
[BlackFideId "34608850"]
[EventCountry "GER"]
[EventRounds "11"]
[EventType "swiss"]
[EventDate "2023.05.27"]

1. e4 d6 {[%clk 01:15:30]} 2. d4 {[%clk 01:15:30]} {[%emt 00:00:52]} Nf6 {[%clk
01:15:30]} {[%emt 00:00:04]} 3. Nc3 {[%clk 01:15:30]} {[%emt 00:00:05]} g6
{[%clk 01:15:30]} {[%emt 00:00:03]} 4. Bd3 {[%clk 01:15:30]} {[%emt 00:00:53]}
Bg7 {[%clk 01:15:30]} {[%emt 00:00:05]} 5. Nge2 {[%clk 01:15:30]} {[%emt
00:00:15]} O-O {[%clk 01:15:30]} {[%emt 00:00:40]} 6. Be3 {[%clk 01:15:30]}
{[%emt 00:00:16]} Ng4 {[%clk 01:15:30]} {[%emt 00:00:05]} 7. Bf4 {[%clk
01:15:43]} {[%emt 00:01:55]} e5 {[%clk 01:15:40]} {[%emt 00:00:21]} 8. dxe5
{[%clk 01:15:15]} {[%emt 00:00:58]} Nxe5 {[%clk 01:15:39]} {[%emt 00:00:32]} 9.
O-O {[%clk 01:15:34]} {[%emt 00:00:10]} Nxd3 {[%clk 01:15:49]} {[%emt
00:00:20]} 10. cxd3 {[%clk 01:15:56]} {[%emt 00:00:08]} Be6 {[%clk 01:15:54]}
{[%emt 00:00:24]} 11. Qd2 {[%clk 01:14:51]} {[%emt 00:01:36]} f5 {[%clk
01:15:21]} {[%emt 00:01:02]} 12. Ng3 {[%clk 01:11:38]} {[%emt 00:03:44]} Nc6
{[%clk 01:14:16]} {[%emt 00:01:36]} 13. Rfe1 {[%clk 01:04:18]} {[%emt
00:07:49]} Qf6 {[%clk 01:13:07]} {[%emt 00:01:37]} 14. Bg5 {[%clk 00:59:45]}
{[%emt 00:05:03]} Qf7 {[%clk 01:10:24]} {[%emt 00:03:15]} 15. Bf4 {[%clk
00:56:49]} {[%emt 00:03:26]} fxe4 {[%clk 01:07:56]} {[%emt 00:02:58]} 16. Rxe4
{[%clk 00:55:35]} {[%emt 00:01:44]} d5 {[%clk 01:08:15]} {[%emt 00:00:11]} 17.
Rxe6 {[%clk 00:55:02]} {[%emt 00:01:02]} Qxe6 {[%clk 01:08:15]} {[%emt
00:00:30]} 18. Bxc7 {[%clk 00:54:04]} {[%emt 00:01:28]} Rac8 {[%clk 01:08:21]}
{[%emt 00:00:24]} 19. Re1 {[%clk 00:54:04]} {[%emt 00:00:31]} Bxc3 {[%clk
01:04:25]} {[%emt 00:04:27]} 20. bxc3 {[%clk 00:54:16]} {[%emt 00:00:17]} Qf6
{[%clk 01:04:14]} {[%emt 00:00:39]} 21. Nh5 {[%clk 00:51:49]} {[%emt 00:02:58]}
gxh5 {[%clk 01:04:27]} {[%emt 00:00:18]} 22. Bg3 {[%clk 00:52:12]} {[%emt
00:00:06]} Rce8 {[%clk 01:04:35]} {[%emt 00:00:21]} 23. Rb1 {[%clk 00:52:11]}
{[%emt 00:00:27]} h4 {[%clk 01:04:34]} {[%emt 00:00:37]} 24. Bc7 {[%clk
00:47:40]} {[%emt 00:05:00]} Qe7 {[%clk 01:04:59]} {[%emt 00:00:04]} 25. Bf4
{[%clk 00:46:43]} {[%emt 00:01:27]} Rxf4 {[%clk 01:05:23]} {[%emt 00:00:06]}
26. g3 {[%clk 00:46:48]} {[%emt 00:00:25]} h3 {[%clk 01:05:32]} {[%emt
00:00:21]} 27. Rf1 {[%clk 00:45:47]} {[%emt 00:01:31]} Rff8 {[%clk 01:05:00]}
{[%emt 00:01:00]} 28. Qh6 {[%clk 00:45:29]} {[%emt 00:00:50]} Qe6 {[%clk
01:04:49]} {[%emt 00:00:38]} 29. Qg5+ {[%clk 00:45:46]} {[%emt 00:00:17]} Kh8
{[%clk 01:05:00]} {[%emt 00:00:19]} 30. Qc1 {[%clk 00:45:29]} {[%emt 00:00:47]}
Qe2 {[%clk 01:05:01]} {[%emt 00:00:26]} 31. Qh6 {[%clk 00:45:33]} {[%emt
00:00:27]} Qxf2+ {[%clk 01:05:00]} {[%emt 00:00:32]} 32. Rxf2 {[%clk 00:45:25]}
{[%emt 00:00:39]} Re1+ {[%clk 01:05:24]} {[%emt 00:00:05]} 33. Rf1 {[%clk
00:45:49]} {[%emt 00:00:06]} Rexf1# {[%clk 01:05:48]} {[%emt 00:00:06]} 0-1